[Event "Basel Hilton op 14th"]
[Site "Basel"]
[Date "2012.01.01"]
[Round "1"]
[White "Heimann, Andreas"]
[Black "Klamp, Christoph"]
[Result "1-0"]
[WhiteElo "2459"]
[BlackElo "2106"]
[PlyCount "73"]
[EventDate "2012.01.01"]
[EventType "swiss"]
[EventRounds "7"]
[EventCountry "SUI"]
[SourceTitle "CBM 146 Extra"]
[Source "ChessBase"]
[SourceDate "2012.02.29"]
[SourceVersion "1"]
[SourceVersionDate "2012.02.29"]
[SourceQuality "1"]

1. e4 c5 2. Nf3 d6 3. d4 cxd4 4. Nxd4 Nf6 5. Nc3 a6 6. Bg5 e6 7. f4 Qb6 8. Qd3 Nc6 9. 0-0-0 Qxd4 10. Qxd4 Nxd4 11. Rxd4 Bd7 12. e5 dxe5 13. fxe5 Ng8 14. Ne4 Bc6 15. Bd3 Be7 16. Bxe7 Kxe7 17. Nd6 Nh6 18. Rf1 f6 19. exf6+ gxf6 20. Rh4 Nf7 21. Nxf7 Kxf7 22. Rh6 f5 23. g4 Bd7 24. gxf5 exf5 25. Bxf5 Bxf5 26. Rxf5+ Kg7 27. Rb6 Rab8 28. Rc5 Rhf8 29. Rc7+ Rf7 30. Rxf7+ Kxf7 31. a4 Ke7 32. a5 Kf7 33. b4 Kg8 34. Kb2 Kh8 35. Kb3 Kg8 36. b5 axb5 37. a6 1-0

[Event "EU-Cup 27th"]
[Site "Rogaska Slatina"]
[Date "2011.09.28"]
[Round "4"]
[White "Klamp, Christoph"]
[Black "Gnichtel, Gerd"]
[Result "0-1"]
[WhiteElo "2122"]
[BlackElo "2147"]
[PlyCount "44"]
[EventDate "2011.09.25"]
[EventType "team-swiss"]
[EventRounds "7"]
[EventCountry "SLO"]
[SourceTitle "CBM 145"]
[Source "ChessBase"]
[SourceDate "2011.11.11"]
[SourceVersion "1"]
[SourceVersionDate "2011.11.11"]
[SourceQuality "1"]
[WhiteTeam "Differdange"]
[BlackTeam "Echternach Sprenger"]
[WhiteTeamCountry "LUX"]
[BlackTeamCountry "LUX"]

1. Nf3 c5 2. c4 Nc6 3. Nc3 g6 4. g3 Bg7 5. Bg2 e6 6. 0-0 Nge7 7. a3 0-0 8. Rb1 d5 9. d3 b6 10. cxd5 exd5 11. Bf4 a6 12. Na4 a5 13. Qb3 Ra6 14. Nc3 d4 15. Nb5 Be6 16. Qa4 Nd5 17. Bd2 Qd7 18. Ng5 Na7 19. Nxe6 fxe6 20. Nc3 b5 21. Qb3 dxc3 22. bxc3 Rb6 0-1

[Event "EU-Cup 27th"]
[Site "Rogaska Slatina"]
[Date "2011.09.26"]
[Round "2"]
[White "Klamp, Christoph"]
[Black "Sedlacek, Pavol"]
[Result "1/2-1/2"]
[WhiteElo "2122"]
[BlackElo "2233"]
[PlyCount "82"]
[EventDate "2011.09.25"]
[EventType "team-swiss"]
[EventRounds "7"]
[EventCountry "SLO"]
[SourceTitle "CBM 145"]
[Source "ChessBase"]
[SourceDate "2011.11.11"]
[SourceVersion "1"]
[SourceVersionDate "2011.11.11"]
[SourceQuality "1"]
[WhiteTeam "Differdange"]
[BlackTeam "Cadca"]
[WhiteTeamCountry "LUX"]
[BlackTeamCountry "SVK"]

1. Nf3 Nf6 2. g3 d5 3. Bg2 c6 4. 0-0 Bf5 5. b3 e6 6. c4 Nbd7 7. Bb2 Be7 8. d3 0-0 9. Nbd2 h6 10. Qc2 Bh7 11. a3 a5 12. Bc3 b5 13. cxb5 cxb5 14. b4 a4 15. Rac1 Rc8 16. Qb2 Qb6 17. Ne5 Nxe5 18. Bxe5 Rfd8 19. Nf3 Ne8 20. Bd4 Qb7 21. Bh3 Bf8 22. Be5 Nd6 23. Rxc8 Rxc8 24. Rc1 Bf5 25. g4 Bg6 26. g5 hxg5 27. Nxg5 Bf5 28. Bxd6 Bxd6 29. Bxf5 exf5 30. Nf3 g6 31. Kg2 Rxc1 32. Qxc1 Bf8 33. h4 Bg7 34. h5 Qd7 35. hxg6 fxg6 36. d4 Bf6 37. Ne5 Bxe5 38. dxe5 d4 39. Qc5 d3 40. exd3 Qxd3 41. Qe7 Qe4+ 1/2-1/2

[Event "EU-Cup 27th"]
[Site "Rogaska Slatina"]
[Date "2011.09.25"]
[Round "1"]
[White "Friedrich, Norbert"]
[Black "Klamp, Christoph"]
[Result "1-0"]
[WhiteElo "2311"]
[BlackElo "2122"]
[PlyCount "55"]
[EventDate "2011.09.25"]
[EventType "team-swiss"]
[EventRounds "7"]
[EventCountry "SLO"]
[SourceTitle "CBM 145"]
[Source "ChessBase"]
[SourceDate "2011.11.11"]
[SourceVersion "1"]
[SourceVersionDate "2011.11.11"]
[SourceQuality "1"]
[WhiteTeam "Zuerich"]
[BlackTeam "Differdange"]
[WhiteTeamCountry "SUI"]
[BlackTeamCountry "LUX"]

1. e4 c5 2. Nf3 d6 3. c3 Nf6 4. h3 g6 5. Bd3 Bg7 6. Bc2 0-0 7. 0-0 b6 8. d4 Bb7 9. Re1 Nfd7 10. Bg5 Nc6 11. Qd2 Re8 12. Na3 a6 13. Nc4 f6 14. Bh6 b5 15. Bxg7 Kxg7 16. Ne3 Nb6 17. Ng4 e5 18. Qh6+ Kg8 19. d5 Nb8 20. Nh4 Bc8 21. Nxg6 Bxg4 22. hxg4 hxg6 23. Qxg6+ Kf8 24. Re3 Qe7 25. Rh3 Qf7 26. Qf5 Ra7 27. g5 Kg8 28. gxf6 1-0

[Event "Bad Woerishofen op 27th"]
[Site "Bad Woerishofen"]
[Date "2011.03.31"]
[Round "9"]
[White "Sakowski, Christian"]
[Black "Klamp, Christoph"]
[Result "0-1"]
[WhiteElo "1936"]
[BlackElo "2118"]
[PlyCount "62"]
[EventDate "2011.03.24"]
[EventType "swiss"]
[EventRounds "9"]
[EventCountry "GER"]
[SourceTitle "EXT 2012"]
[Source "ChessBase"]
[SourceDate "2011.11.24"]
[SourceVersion "1"]
[SourceVersionDate "2011.11.24"]
[SourceQuality "1"]

1. e4 c5 2. Ne2 d6 3. Nbc3 a6 4. d3 g6 5. g3 Bg7 6. Bg2 Nc6 7. 0-0 e6 8. b3 Nge7 9. Bb2 0-0 10. a4 Rb8 11. Qd2 Qa5 12. Rfd1 Qc7 13. Rdb1 b6 14. Nd1 Nd4 15. Nxd4 cxd4 16. c4 dxc3 17. Bxc3 Bb7 18. Bxg7 Kxg7 19. Qc3+ Qxc3 20. Nxc3 Rfc8 21. Rc1 Nc6 22. Ne2 Nb4 23. d4 Nc2 24. Rab1 Rc7 25. e5 d5 26. f4 Rbc8 27. Kf2 a5 28. Rd1 Ba6 29. Ng1 Nxd4 30. Nf3 Ne2 31. Rd2 Nc3 0-1

[Event "Bad Woerishofen op 27th"]
[Site "Bad Woerishofen"]
[Date "2011.03.26"]
[Round "4"]
[White "Baum, Bernd"]
[Black "Klamp, Christoph"]
[Result "1-0"]
[WhiteElo "2267"]
[BlackElo "2118"]
[PlyCount "53"]
[EventDate "2011.03.24"]
[EventType "swiss"]
[EventRounds "9"]
[EventCountry "GER"]
[SourceTitle "EXT 2012"]
[Source "ChessBase"]
[SourceDate "2011.11.24"]
[SourceVersion "1"]
[SourceVersionDate "2011.11.24"]
[SourceQuality "1"]

1. c4 f5 2. Nc3 Nf6 3. g3 e6 4. Bg2 Bb4 5. Qb3 a5 6. e3 Nc6 7. Nge2 0-0 8. 0-0 Kh8 9. d4 Qe8 10. Nb5 a4 11. Qc2 Qd8 12. d5 Ne5 13. Rd1 c6 14. dxc6 bxc6 15. f4 Neg4 16. h3 Ba6 17. Nbd4 Qe8 18. hxg4 Nxg4 19. Nf3 d5 20. b3 Qh5 21. Ned4 Bb7 22. a3 Bc5 23. cxd5 Bxd4 24. Rxd4 c5 25. Rxa4 Rxa4 26. bxa4 Bxd5 27. Nh4 1-0